000 00460cam a2200169ua 4500
001 10027
008 160229n II |||gr||||Z||||||hin
040 _aMAIN
041 _aEnglish
082 _a891.43 KAP
100 _aKAPUR , SUBHASHINI .
245 _aMAHILAO KA POLICE ME JUGDAN ( POLICE AUR MAHILAYE ) (HINDI)
260 _aDELHI:
_bSAHITYA PRAKASHAN CHETONA ,
_c2008.
300 _a112:
_c20CM.
700 _aKAPUR , SUBHASHINI .,
_eAuthor.
942 _cBK
999 _c9998
_d9998